Measurement and data analysis for engineering and science
Đã lưu trong:
| Príomhúdar: | |
|---|---|
| Formáid: | Leabhar |
| Teanga: | Undetermined |
| Foilsithe: |
Boston
McGraw-Hill Higher Education
2005
|
| Ábhair: | |
| Clibeanna: |
Cuir Clib Leis
Gan Chlibeanna, Bí ar an gcéad duine leis an taifead seo a chlibeáil!
|
| Thư viện lưu trữ: | Trung tâm Học liệu Trường Đại học Cần Thơ |
|---|
| LEADER | 00547nam a2200193Ia 4500 | ||
|---|---|---|---|
| 001 | CTU_152334 | ||
| 008 | 210402s9999 xx 000 0 und d | ||
| 020 | |c 89.95 | ||
| 082 | |a 530.8 | ||
| 082 | |b D923 | ||
| 100 | |a Dunn, Patrick F. | ||
| 245 | 0 | |a Measurement and data analysis for engineering and science | |
| 245 | 0 | |c Patrick F. Dunn | |
| 260 | |a Boston | ||
| 260 | |b McGraw-Hill Higher Education | ||
| 260 | |c 2005 | ||
| 650 | |a Physical measurements,Statistics | ||
| 904 | |i pha | ||
| 980 | |a Trung tâm Học liệu Trường Đại học Cần Thơ | ||